Statistics for Every Transformers G1 & G2 toy from 1984 to 1994

Click here to take the quiz!

General Stats

  • This quiz has been taken 395 times
    (277 since last reset)
  • The average score is 275 of 626

Answer Stats

YearNameCategory% Correct
1984Optimus PrimeAutobot
95%
1995 G2Optimus PrimeGobots
95%
1990Optimus PrimeAction Master
95%
1994 G2Optimus PrimeCombat Hero
95%
1993 G2Optimus PrimeAutobots
95%
1995 G2Optimus PrimeLaser Rods
95%
1988Powermaster Optimus PrimePowermaster
95%
1990BumblebeeAction Master
94%
1984BumblebeeMini-Vehicle
94%
1989BumblebeePretender Classics
94%
1993 G2BumblebeeMini Vehicles
94%
1995 G2BumblebeeGobots
94%
1988 JapanOverlordPowermaster
90%
1990MegatronAction Master
88%
1995 G2MegatronGobots
88%
1984MegatronDecepticon
88%
1994 G2MegatronCombat Hero
88%
1993 G2MegatronDecepticons
88%
1984StarscreamDecepticon
88%
1989StarscreamPretender Classics
88%
1993 G2StarscreamDecepticons
88%
1990StarscreamAction Master
88%
1989JazzPretender Classics
85%
1990JazzAction Master
85%
1993 G2JazzAutobots
85%
1984JazzAutobot
85%
1990SoundwaveAction Master
84%
1984SoundwaveDecepticon
84%
1995 G2SoundwaveGobots
84%
1990ProwlAction Master
83%
1984ProwlAutobot
83%
1985GrimlockDinobot
82%
1993 G2GrimlockDinobots
82%
1990GrimlockAction Master
82%
1989GrimlockPretender Classics
82%
1991 EuropeSideswipeAction Master
82%
1993 G2SideswipeAutobots
82%
1995 G2SideswipeGobots
82%
1984SideswipeAutobot
82%
1986Hot RodAutobot
81%
1987Hot Rod & FireboltTargetmaster
81%
1990WheeljackAction Master
81%
1984WheeljackAutobot
81%
1984CliffjumperMini-Vehicle
80%
1984RatchetAutobot
79%
1984RavageCassettes
78%
1984RumbleCassette
77%
1990ShockwaveAction Master
77%
1985ShockwaveDecepticon
77%
1985DevastatorCombiner Team
76%
1990DevastatorAction Master
76%
1993 G2DevastatorCombiner Team
76%
1984IronhideAutobot
76%
1995 G2IronhideGobots
76%
1984LaserbeakCassette
76%
1991 EuropeThundercrackerAction Master
76%
1984ThundercrackerDecepticon
76%
1995 G2FrenzyGobots
75%
1984FrenzyCassettes
75%
1984SkywarpDecepticon
75%
1995 G2JetfireCyberjets
74%
1985JetfireAutobot
74%
1993 G2SnarlDinobots
74%
1990SnarlAction Master
74%
1985SnarlDinobot
74%
1985BlitzwingTriple Changer
73%
1993 G2InfernoAutobots
73%
1985InfernoAutobot
73%
1990InfernoAction Master
73%
1985SludgeDinobot
73%
1985AstrotrainTriple Changer
72%
1984HoundAutobot
72%
1984SunstreakerAutobot
72%
1985SwoopDinobot
72%
1984BrawnMini-Vehicle
71%
1986GalvatronDecepticon
71%
1985GrappleAutobot
71%
1986MenasorCombiner Team
71%
1985MixmasterCombiner Team
71%
1993 G2MixmasterCombiner Team
71%
1993 G2SlagDinobots
71%
1985SlagDinobot
71%
1986Ultra MagnusAutobot
71%
1986BruticusCombiner Team
70%
1994 G2BruticusCombiner Team
70%
1984GearsMini-Vehicle
70%
1987Kup & RecoilTargetmaster
70%
1984MirageAutobot
70%
1995 G2MirageGobots
70%
1984BluestreakAutobot
69%
1984BuzzsawCassette
69%
1986KupAutobot
69%
1986MetroplexAutobot City
69%
1986ScourgeDecepticon
69%
1987Scourge & FracasTargetmaster
69%
1986SuperionCombiner Team
69%
1994 G2SuperionCombiner Team
69%
1986CyclonusDecepticon
68%
1985Long HaulCombiner Team
68%
1993 G2Long HaulCombiner Team
68%
1985Red AlertAutobot
68%
1990BlasterAction Master
67%
1985BlasterAutobot
67%
1985BombshellInsecticon
67%
1991 EuropeBombshellAction Master
67%
1987Cyclonus & NightstickTargetmaster
67%
1985KickbackInsecticon
67%
1987Blurr & HaywireTargetmaster
66%
1993 G2BonecrusherCombiner Team
66%
1985BonecrusherCombiner Team
66%
1986Motor MasterCombiner Team
66%
1985ScrapperCombiner Team
66%
1993 G2ScrapperCombiner Team
66%
1986BlurrAutobot
65%
1994 G2BrawlCombiner Team
65%
1986BrawlCombiner Team
65%
1987Fortress Maximus, Cerebro, & SpikeHeadmaster City
65%
1993 G2HookCombiner Team
65%
1985HookCombiner Team
65%
1985ShrapnelInsecticon
65%
1994 G2SwindleCombiner Team
65%
1986SwindleCombiner Team
65%
1985HoistAutobot
64%
1984HufferMini-Vehicle
64%
1991 EuropeOmega SupreemAction Master
64%
1985Omega SupremeAutobot
64%
1986ReflectorDecepticon Mailaway
64%
1994 G2SmokescreenDecepticon
64%
1985SmokescreenAutobot
64%
1986SpringerTriple Changer
64%
1985BeachcomberMini-Vehicle
63%
1993 G2BeachcomberMini Vehicles
63%
1987ComputronCombiner Team
63%
1986DefensorCombiner Team
63%
1985DirgeDecepticon
63%
1985PerceptorAutobot
63%
1986RewindCassette
63%
1987Scorponok & ZarakHeadmaster City
63%
1994 G2SilverboltCombiner Team
63%
1986SilverboltCombiner Team
63%
1985SkidsAutobot
63%
1985TracksAutobot
63%
1991 EuropeTracksAction Master
63%
1984WindchargerMini-Vehicle
63%
1985CosmosMini-Vehicle
62%
1987GoldbugThrottlebot
62%
1986OctaneTriple Changer
62%
1993 G2ScavengerCombiner Team
62%
1985ScavengerCombiner Team
62%
1985ThrustDecepticon
62%
1984TrailbreakerAutobot
62%
1986Hot SpotCombiner Team
61%
1985PowerglideMini-Vehicle
61%
1986PredakingCombiner Team
61%
1993 G2RamjetDecepticons
61%
1985RamjetDecepticon
61%
1986SteeljawCassette
61%
1986WheelieMini-Vehicle
61%
1986Air RaidCombiner Team
60%
1995 G2Air RaidCyberjets
60%
1994 G2Air RaidCombiner Team
60%
1986Blast OffCombiner Team
60%
1994 G2Blast OffCombiner Team
60%
1986Dead EndCombiner Team
60%
1986Drag StripCombiner Team
60%
1986PipesMini-Vehicle
60%
1986SandstormTriple Changer
60%
1986TrypticonDecepticon City
60%
1985WarpathMini-Vehicle
60%
1986BladesCombiner Team
59%
1986BreakdownCombiner Team
59%
1986EjectCassettes
59%
1986First AidCombiner Team
59%
1994 G2OnslaughtCombiner Team
59%
1986OnslaughtCombiner Team
59%
1985SeasprayMini-Vehicle
59%
1993 G2Sea SprayMini Vehicles
59%
1986VortexCombiner Team
59%
1994 G2VortexCombiner Team
59%
1987Chromedome & StylorHeadmaster
58%
1986GrooveCombiner Team
58%
1986RamhornCassette
58%
1987SixshotSix Changer
58%
1986BroadsideTriple Changer
57%
1987Hardhead & DurosHeadmaster
57%
1991 JapanNightCombiner Team
57%
1986RatbatCassette
57%
1986RunaboutBattlecharger
57%
1986RampageCombiner Team
56%
1986Rodimus PrimeAutobot
56%
1986RunamuckBattlecharger
56%
1995 G2StrafeCyberjets
56%
1987StrafeCombiner Team
56%
1986StreetwiseCombiner Team
56%
1985TopspinJumpstarter
56%
1985VenomDeluxe Insecticon
56%
1986WildriderCombiner Team
56%
1986Wreck-GarAutobot
56%
1987Apeface & SpasmaHeadmaster Horrorcon
55%
1987Highbrow & GortHeadmaster
55%
1994 G2Sky DiveCombiner Team
55%
1992 EuropeSkydivePredator
55%
1986SkydiveCombiner Team
55%
1986SwerveMini-Vehicle
55%
1986TailgateMini-Vehicle
55%
1987AbominusCombiner Team
54%
1990BarrageMicromaster Combiner Astro Squad
54%
1985BarrageDeluxe Insecticon
54%
1987Brainstorm & ArcanaHeadmaster
54%
1987Crosshairs & PinpointerTargetmaster
54%
1987Mindwipe & VorathHeadmaster
54%
1987PounceDecepticon Clones
54%
1987Skullcruncher & GraxHeadmaster
54%
1986Sky LynxAutobot
54%
1994 G2SlingshotCombiner Team
54%
1986SlingshotCombiner Team
54%
1987Snapdragon & KrunkHeadmaster Horrorcon
54%
1987Weirdwolf & MonzoHeadmaster
54%
1987BlotCombiner Team
53%
1994 G2FireflightCombiner Team
53%
1986FireflightCombiner Team
53%
1985RansackDeluxe Insecticon
53%
1994 G2RansackRotor Force
53%
1986RazorclawCombiner Team
53%
1985Twin TwistJumpstarter
53%
1989 JapanWingCombiner Team
53%
1987ChaseThrottlebot
52%
1987LightspeedCombiner Team
52%
1987Misfire & AimlessTargetmaster
52%
1987NoseconeCombiner Team
52%
1986OutbackMini-Vehicle
52%
1986DivebombCombiner Team
51%
1987PunchDouble Spy
51%
1987WingspanDecepticon Clones
51%
1987AfterburnerCombiner Team
50%
1993 G2AfterburnerDecepticons
50%
1989BludgeonPretender
50%
1985Chop ShopDeluxe Insecticon
50%
1987OverkillCassette
50%
1987SlugfestCassette
50%
1986TantrumCombiner Team
50%
1987Slugslinger & CaliburstTargetmaster
49%
1987Triggerhappy & BlowpipeTargetmaster
49%
1986GnawDecepticon
48%
1987RippersnapperCombiner Team
48%
1988Scoop & Holepunch & TracerTargetmaster
48%
1987SinnertwinCombiner Team
48%
1986Six-GunAutobot City
48%
1989 JapanStar Saber & SaberBrainmasters
48%
1986HeadstrongCombiner Team
47%
1993 G2HubcapMini Vehicles
47%
1986HubcapMini-Vehicles
47%
1993 G2HubcapMini Vehicles
47%
1987Pointblank & PeacemakerTargetmaster
47%
1985RoadbusterAutobot
47%
1987Sureshot & SpoilsportTargetmaster
47%
1987WideloadThrottlebot
47%
1987BattletrapDuocon
46%
1985CamshaftOmnibot
46%
1987CloudrakerAutobot Clones
46%
1988CrankcaseTriggercon
46%
1987CutthroatCombiner Team
46%
1987FlywheelsDuocon
46%
1987FreewayThrottlebot
46%
1988Getaway & RevPowermaster
46%
1988 JapanGrand Maximus & CogAutobot
46%
1988Hosehead & LugHeadmaster
46%
1987Hun-GrrrCombiner Team
46%
1988Nightbeat & MuzzleHeadmaster
46%
1987SearchlightThrottlebot
46%
1985WhirlAutobot
46%
1988Darkwing & ThrottlePowermaster
45%
1985OverdriveOmnibot
45%
1988Quickmix & Boomer & RicochetTargetmaster
45%
1987RollbarThrottlebot
45%
1988Bomb-BurstPretender
44%
1988Doubledealer & Knok & SkarPowermaster
44%
1985DownshiftOmnibot
44%
1988Dreadwind & Hi-TestPowermaster
44%
1988Grand SlamCassette
44%
1988Horri-Bull & KrebHeadmaster
44%
1988Rain DanceCassette
44%
1986SlammerAutobot City
44%
1990BarricadeMicromaster Racetrack patrol
43%
1987RepugnusMonsterbot
43%
1988Spinister & Singe & HairsplitterTargetmaster
43%
1990BlackoutMicromaster Combiner
42%
1988Fangry & BriskoHeadmaster
42%
1987FastlaneAutobot Clones
42%
1987GrotusqueMonsterbot
42%
1988GuzzleSparkabot
42%
1988Needlenose & Sunbeam & ZigzagTargetmaster
42%
1989OctopunchPretender
42%
1988OverrideTriggerbot
42%
1988Quake & Heater & TiptopTargetmaster
42%
1986ScamperAutobot City
42%
1988SkullgrinPretender
42%
1988Snap TrapCombiner Team
42%
1991 JapanSparkCombiner Team
42%
1988Squeezeplay & LokosHeadmaster
42%
1988TentakilCombiner Team
42%
1987DoublecrossMonsterbot
41%
1986Full-TiltDecepticon City
41%
1988Landfill & Flintlock & SiliencerTargetmaster
41%
1988LandminePowermaster
41%
1988OverbiteCombiner Team
41%
1988BeastboxCassette
40%
1987 JapanRaidenTrainbots
40%
1988Siren & QuigHeadmaster
40%
1994 G2SizzleLaser Rods
40%
1988SizzleSparkabot
40%
1986BruntDecepticon City
39%
1988CarnivacPretender Beast
39%
1994 G2JoltLaser Rods
39%
1994 G2LeadfootRotor Force
39%
1988NautilatorCombiner Team
39%
1988PiranaconCombiner Team
39%
1988RuckusTriggercons
39%
1988SeawingCombiner Team
39%
1988Slapdash & LubePowermaster
39%
1989ThunderwingMega Pretender
39%
1988BuglyPretender
38%
1988CloudburstPretender
38%
1989 JapanDeathsaurusBrainmasters
38%
1988FinbackPretender
38%
1988FizzleSparkabot
38%
1988Joyride & HotwirePowermaster
38%
1990KrokAction Master
38%
1988 JapanMinervaHeadmaster
38%
1988QuickswitchSix Changer
38%
1988SkalorCombiner Team
38%
1987 JapanSoundblasterDecepticon
38%
1988CatillaPretender Beast
37%
1988CindersaurFirecon
37%
1988DogfightTriggerbot
37%
1988FlamefeatherFirecon
37%
1988IguanusPretender
37%
1989OverloadMicromaster Transport
37%
1988SubmarauderPretender
37%
1988WaveriderPretender
37%
1990Banzai-TronAction Master
36%
1990Big DaddyMicromaster Hotrod Patrol
36%
1988ChainclawPretender Beast
36%
1989IcepickCombiner Team
36%
1989MonstructorCombiner Team
36%
1992 EuropeSkyquakePredator
36%
1988SparkstalkerFirecon
36%
1989 JapanWaverCombiner Team
36%
1988WindsweeperTriggercon
36%
1987CogHeadmaster City
35%
1987FasttrackHeadmaster City
35%
1989IronworksMicromaster Station
35%
1989 JapanLiokaiserCombiner Team
35%
1987ScattorshotCombiner Team
35%
1992 EuropeStalkerPredator
35%
1992 EuropeThunderclashTurbomasters (uk)
35%
1988BackstreetTriggerbot
34%
1989DoubleheaderPretender
34%
1989GreasepitMicromaster Station
34%
1989 JapanHellbatCombiner Team
34%
1988 JapanMetalhawkPretender
34%
1988SplashdownPretender
34%
1988SquawktalkCassette
34%
1989StrangleholdPretender
34%
1989BirdbrainCombiner Team
33%
1990JackpotAction Master
33%
1990Kick-OffAction Master
33%
1990RadAction Master
33%
1989RoadblockUltra Pretender
33%
1995 G2RoadblockAutorollers
33%
1988RoadgrabberPretender Vehicle
33%
1988Sky HighPretender
33%
1990Sky HighMicromaster Air Patrol
33%
1989SlogCombiner Team
33%
1988SnarlerPretender Beast
33%
1989VroomMega Pretender
33%
1989WildflyCombiner Team
33%
1989AirwaveMicromaster Station
32%
1992 EuropeBossTurbomasters (uk)
32%
1989CrossbladesMega Pretender
32%
1994 G2DreadwingDecepticon
32%
1989Hot HouseMicromaster Station
32%
1990KnockoutMicromaster Combiner Construction Squad
32%
1989 JapanLeozackCombiner Team
32%
1990SkyfallAction Master
32%
1987 JapanArtfire & NightstickTargetmaster
31%
1990AxerAction Master
31%
1989BlackjackMicromaster Sports Car Patol
31%
1989BristlebackCombiner Team
31%
1989CountdownMicromaster Base
31%
1988GroundbreakerPretender
31%
1988GunrunnerPretender Vehicle
31%
1989 JapanKillbisonCombiner Team
31%
1990MainframeAction Master
31%
1990PhaserMicromaster Combiner Astro Squad
31%
1989ScowlCombiner Team
31%
1989StakeoutMicromaster Rescue Patrol
31%
1989SunrunnerMicromaster Battle Patrol
31%
1989 JapanVictory LeoAutobot
31%
1989WhisperMicromaster Airstrike Patrol
31%
1989 JapanBlackerBrainmasters
30%
1989 JapanBlack ShadowDecepticon
30%
1990Blast MasterMicromaster Combiner Astro Squad
30%
1989LongtoothPretender
30%
1990MissilemasterMicromaster Combiner Astro Squad
30%
1992 EuropeRotorstormTurbomasters (uk)
30%
1989SkyhammerUltra Pretender
30%
1990TracerMicromaster Military Patrol
30%
1990Trip-UpMicromaster Hotrod Patrol
30%
1989Big ShotMicromaster Battle Patrol
29%
1988 JapanBlack Zarak & Black RorichiDecepticon
29%
1990BombshockMicromaster Military Patrol
29%
1989 JapanBraverBrainmasters
29%
1993 EuropeClenchObliterators
29%
1990 JapanDai Atlas & speederPowered Master
29%
1994 G2DelugeColor Changers
29%
1990Eagle EyeMicromaster Air Patrol
29%
1993 G2Eagle EyeDecepticons
29%
1989ErectorMicromaster Transport
29%
1989FixitMicromaster Rescue Patrol
29%
1989FlakMicromaster Battle Patrol
29%
1990GritMicromaster Combiner Construction Squad
29%
1990GrowlMicromaster Military Patrol
29%
1990GutcruncherAction Master
29%
1989 JapanGuyhawkCombiner Team
29%
1993 EuropeIronfistLightformers
29%
1989 JapanLasterBrainmasters
29%
1994 G2Manta RayRotor Force
29%
1990MoonrockMicromaster Combiner Astro Squad
29%
1989PincherPretender
29%
1993 EuropePyroObliterators
29%
1989Red HotMicromaster Rescue Patrol
29%
1989SeawatchMicromaster Rescue Patrol
29%
1992 JapanSixtrainCombiner Team
29%
1989SkystalkerMicromaster Base
29%
1989SwindlerMicromaster Racecar Patrol
29%
1989TailwindMicromaster Airstrike Patrol
29%
1987 JapanTwincastAutobot
29%
1990Blaze MasterMicromaster Air Patrol
28%
1989 JapanBlue BacchusDecepticon
28%
1992 EuropeFlashTurbomasters (uk)
28%
1989FlattopMicromaster Transport
28%
1989MudslingerMicromaster Off Road Patrol
28%
1989Road HandlerMicromaster Racecar Patrol
28%
1990Roller ForceMicromaster Racetrack patrol
28%
1991 EuropeSlicerAction Master
28%
1992 EuropeSnarePredator
28%
1992 EuropeTalonPredator
28%
1994 G2VoltLaser Rods
28%
1990Cement HeadMicromaster Combiner
27%
1991 EuropeDouble PunchAction Master
27%
1990DropshotMicromaster Military Patrol
27%
1994 G2ElectroLaser Rods
27%
1992 JapanFalconCombiner Team
27%
1992 EuropeFalconPredator
27%
1993 EuropeFearswoopTrakkons
27%
1994 G2GobotsColor Changers
27%
1990GreaserMicromaster Hotrod Patrol
27%
1990GroundhogMicromaster Racetrack patrol
27%
1990HubsMicromaster Hotrod Patrol
27%
1989HyperdriveMicromaster Sports Car Patol
27%
1989 JapanJallguarCombiner Team
27%
1990OilerMicromaster Combiner Metro Squad
27%
1992 EuropeScorchTurbomasters (uk)
27%
1989SidetrackMicromaster Battle Patrol
27%
1990SledgeMicromaster Combiner Construction Squad
27%
1989Storm CloudMicromaster Airstrike Patrol
27%
1990TreadshotMicromaster Combiner
27%
1993 EuropeCalcarTrakkons
26%
1989DetourMicromaster Sports Car Patol
26%
1991 JapanD-GoCombiner Team
26%
1989 JapanDinokingCombiner Team
26%
1990Direct HitMicromaster Combiner Battle Squad
26%
1991 JapanGrandus & SpinnerAutobot
26%
1990HammerMicromaster Combiner Construction Squad
26%
1995 G2HooliganCyberjets
26%
1992 EuropeHurricaneTurbomasters (uk)
26%
1987 JapanNoiseCassette
26%
1990OverrunAction Master
26%
1994 G2PowerdiveRotor Force
26%
1990Power PunchMicromaster Combiner Battle Squad
26%
1989PowertrainMicromaster Off Road Patrol
26%
1990RoadburnerMicromaster Combiner Metro Squad
26%
1990RolloutAction Master
26%
1989RoughstuffMicromaster Transport
26%
1990SlideMicromaster Combiner Metro Squad
26%
1995 G2Space CaseCyberjets
26%
1987 JapanStepper & NebulonTargetmaster
26%
1989ToteMicromaster Off Road Patrol
26%
1990WheelblazeMicromaster Combiner Metro Squad
26%
1987 JapanDileCassette
25%
1989 JapanDrillhornCombiner Team
25%
1990FireshotMicromaster Combiner Battle Squad
25%
1989 JapanGoryuCombiner Team
25%
1987 JapanGraphyCassette
25%
1990GroundpounderMicromaster Construction Patrol
25%
1990HeaveMicromaster Combiner Astro Squad
25%
1989 JapanMachCombiner Team
25%
1990MotorheadMicromaster Racetrack patrol
25%
1989NightflightMicromaster Airstrike Patrol
25%
1990OverflowMicromaster Combiner
25%
1990PipelineMicromaster Combiner
25%
1990RetroMicromaster Combiner
25%
1989RoadhuggerMicromaster Sports Car Patol
25%
1987 JapanShoukiTrainbots
25%
1995 G2SkyjackCyberjets
25%
1990SpaceshotMicromaster Combiner
25%
1990SprocketAction Master
25%
1989 JapanTackleCombiner Team
25%
1990TreadboltMicromaster Air Patrol
25%
1991 EuropeWindmillAction Master
25%
1987 JapanZaurCassette
25%
1990Big HaulerMicromaster Monster Truck Patrol
24%
1995 G2DirtbagAutorollers
24%
1990Full BarrelMicromaster Combiner
24%
1989 JapanGalaxy ShuttleAutobot
24%
1989GroundshakerMicromaster Base
24%
1990GusherMicromaster Combiner
24%
1990Half TrackMicromaster Combiner Battle Squad
24%
1990Heavy TreadMicromaster Monster Truck Patrol
24%
1990HydraulicMicromaster Monster Truck Patrol
24%
1990MeltdownMicromaster Combiner Battle Squad
24%
1990 JapanMetrotitanDecepticon
24%
1990NeutroMicromaster Construction Patrol
24%
1989 JapanRoad CaesarBrainmasters
24%
1992 JapanSixbuilderCombiner Team
24%
1991 JapanSky Garry & ShotbomberAutobot
24%
1990SurgeMicromaster Combiner
24%
1990VanquishMicromaster Combiner Battle Squad
24%
1990CrumbleMicromaster Construction Patrol
23%
1990ExcavatorMicromaster Combiner Construction Squad
23%
1989HighjumpMicromaster Off Road Patrol
23%
1994 G2JetstormColor Changers
23%
1989 JapanLandcrossCombiner Team
23%
1993 EuropeRageStormtroopers
23%
1989SkyhopperMicromaster Base
23%
1990Slow PokeMicromaster Monster Truck Patrol
23%
1989TailspinMicromaster Racecar Patrol
23%
1991 EuropeTake-OffAction Master
23%
1990Terror TreadMicromaster Combiner
23%
1993 EuropeDrenchStormtroopers
22%
1994 G2DrenchColor Changers
22%
1989Free WheelerMicromaster Racecar Patrol
22%
1987 JapanGetsueiTrainbots
22%
1990PowerrunMicromaster Combiner Metro Squad
22%
1990 JapanRoadfire & drillbusterPowered Master
22%
1995 G2Road RocketLaser Rods
22%
1991 EuropeRumblerAction Master
22%
1992 JapanSan D-GoCombiner Team
22%
1987 JapanShufflerHeadmasters
22%
1990 JapanSonic Bomber & sonicPowered Master
22%
1991 JapanStar Convoy & Hot RodimusAutobot
22%
1990StonecruncherMicromaster Combiner Construction Squad
22%
1987 JapanSuikenTrainbots
22%
1990TakedownMicromaster Construction Patrol
22%
1993 G2TerradiveDecepticons
22%
1989 JapanVictory SaberAutobot
22%
1987 JapanYukikazeTrainbots
22%
1988 JapanBrowningDecepticon
21%
1991 EuropeChargerAction Master
21%
1991 EuropeCircuitAction Master
21%
1992 JapanCircuitCombiner Team
21%
1989 JapanDoryuCombiner Team
21%
1989 JapanGreatshotAutobot
21%
1987 JapanKaenTrainbots
21%
1991 JapanLeafCombiner Team
21%
1991 EuropePowerflashAction Master
21%
1993 G2RapidoAutobots
21%
1995 G2Road PigLaser Rods
21%
1987 JapanRodneyHeadmasters
21%
1991 JapanSixlinerCombiner Team
21%
1992 JapanSixwingCombiner Team
21%
1993 G2SkramAutobots
21%
1990StrikedownMicromaster Combiner Metro Squad
21%
1991 JapanJoeCombiner Team
20%
1989 JapanKakuryuCombiner Team
20%
1989 JapanRairyuCombiner Team
20%
1987 JapanSeizanTrainbots
20%
1987 JapanToraizerHeadmasters
20%
1988 JapanZetcaPowermaster
20%
1991 JapanAlanCombiner Team
19%
1993 EuropeDeftwingLightformers
19%
1993 G2WindbreakerAutobots
19%
1988 JapanAquastarPowermaster
18%
1995 G2BlowoutGobots
18%
1989 JapanGairyuCombiner Team
18%
1988 JapanGodbomberAutobot
18%
1991 EuropeTurbo MasterAction Master
18%
1993 G2WindrazorDecepticons
18%
1995 G2MotormouthGobots
17%
1992 JapanRoad PoliceCombiner Team
17%
1989 JapanDashCombiner Team
16%
1987 JapanLioneHeadmasters
16%
1992 JapanSixturboCombiner Team
16%
1989 JapanTackerCombiner Team
16%
1988 JapanBulletPowermaster
15%
1992 JapanDischargeCombiner Team
15%
1995 G2Double ClutchGobots
13%
1995 G2GearheadGobots
13%
1987 JapanKirkHeadmasters
13%
1987 JapanLoaferHeadmasters
13%
1992 JapanMixingCombiner Team
13%
1993 G2TurbofireAutobots
13%
1992 JapanAtlanCombiner Team
12%
1992 JapanDesireCombiner Team
12%
1995 G2FirecrackerGobots
12%
1993 EuropeHydraheadStormtroopers
12%
1992 JapanSireenCombiner Team
12%
1992 JapanTreaderCombiner Team
12%
1989 JapanYakuryuCombiner Team
12%
1992 JapanNeo-WheelCombiner Team
11%
1993 EuropeAquablastStormtroopers
10%
1992 JapanCrush-BullCombiner Team
10%
1992 JapanFlankerCombiner Team
10%
1992 JapanGran ArmCombiner Team
10%
1992 JapanIron LiftCombiner Team
10%
1992 JapanMissile RunCombiner Team
10%
1992 JapanDiggerCombiner Team
9%
1995 G2HighbeamGobots
9%
1992 JapanWindyCombiner Team
9%
1992 JapanChain GunCombiner Team
8%
1992 JapanConverterCombiner Team
8%
1992 JapanSupersonicCombiner Team
8%
1992 JapanGlideCombiner Team
7%
1992 JapanRaiseCombiner Team
7%
1992 JapanRakerCombiner Team
4%

Score Distribution

Percentile by Number Answered

Percent of People with Each Score

Your Score History

You have not taken this quiz since the last reset